| Поле | Инд. | ПП | Название | Значение |
|---|---|---|---|---|
| Тип записи | a | |||
| Библиографический уровень | m | |||
| 001 | Контрольный номер | RU/IS/BASE/204810359 | ||
| 005 | Дата корректировки | 20250925153629.8 | ||
| 008 | Кодируемые данные | 20060628 | ||
| 020 | a | ISBN | 0-19-510602-4 | |
| 041 | 0_ | a | Код языка текста | eng |
| 084 | a | Индекс другой классификации/Индекс ББК | 66.2(0); 63.3(0)6; 66.4(0),03 | |
| 090 | a | Полочн. индекс | 66.2(0) | |
| x | Авторский знак | K 41 | ||
| 100 | 1_ | a | Автор | Keylor W. R. |
| q | Полное имя | Keylor William R. | ||
| 245 | 10 | a | Заглавие | A World of Nations. The International Order since 1945 |
| 260 | a | Место издания | Oxford | |
| b | Издательство | Oxford University Press | ||
| c | Дата издания | 2003 | ||
| 300 | a | Объем | 452 p. | |
| 336 | a | Термин вида содержания | Текст | |
| 337 | a | Термин типа средства | непосредственный | |
| 500 | a | Примечание | На английском языке | |
| 504 | a | Библиография | Select Bibliography: p. 419. - Index: p. 427 | |
| 600 | 14 | a | Персоналии | Кастро Фидель |
| a | Персоналии | Кеннеди Джон Фицджералд (35-й президент США) | ||
| 650 | 04 | a | Основная рубрика | политика |
| a | Основная рубрика | современное политическое положение | ||
| 653 | 0_ | a | Ключевые слова | "японское экономическое чудо" |
| a | Ключевые слова | Азиатско-Тихоокеанское экономическое сотрудничество (АТЭС) | ||
| a | Ключевые слова | американская геополитическая мысль | ||
| a | Ключевые слова | арабо-израильский конфликт | ||
| a | Ключевые слова | Афганистан | ||
| a | Ключевые слова | Африка | ||
| a | Ключевые слова | ближневосточный кризис | ||
| a | Ключевые слова | войны за независимость | ||
| a | Ключевые слова | Восточная Европа | ||
| a | Ключевые слова | Гватемала | ||
| a | Ключевые слова | геноцид | ||
| a | Ключевые слова | геополитика | ||
| a | Ключевые слова | глобализация | ||
| a | Ключевые слова | гонка вооружений | ||
| a | Ключевые слова | гражданская война Китая 1946-1950 | ||
| a | Ключевые слова | Греция | ||
| a | Ключевые слова | Дальний Восток | ||
| a | Ключевые слова | дипломатия | ||
| a | Ключевые слова | доктрина Трумэна | ||
| a | Ключевые слова | Европа | ||
| a | Ключевые слова | Европейское экономическое сообщество (ЕЭС) | ||
| a | Ключевые слова | идеология | ||
| a | Ключевые слова | Индокитай | ||
| a | Ключевые слова | Индонезия | ||
| a | Ключевые слова | Иран | ||
| a | Ключевые слова | ирано-иракская война 1980 | ||
| a | Ключевые слова | Иранская революция 1978-1979 | ||
| a | Ключевые слова | история | ||
| a | Ключевые слова | Камбоджа | ||
| a | Ключевые слова | Китай | ||
| a | Ключевые слова | колониализм | ||
| a | Ключевые слова | Корея | ||
| a | Ключевые слова | Куба | ||
| a | Ключевые слова | Латинская Америка | ||
| a | Ключевые слова | локальные конфликты | ||
| a | Ключевые слова | Малайзия | ||
| a | Ключевые слова | Малайя | ||
| a | Ключевые слова | международные отношения | ||
| a | Ключевые слова | мировая политическая система | ||
| a | Ключевые слова | новейшее время | ||
| a | Ключевые слова | послевоенный период | ||
| a | Ключевые слова | постсоветское пространство | ||
| a | Ключевые слова | развивающиеся страны | ||
| a | Ключевые слова | распад СССР | ||
| a | Ключевые слова | Россия | ||
| a | Ключевые слова | СССР | ||
| a | Ключевые слова | страны мира | ||
| a | Ключевые слова | США | ||
| a | Ключевые слова | тоталитарные системы | ||
| a | Ключевые слова | Турция | ||
| a | Ключевые слова | Филиппины | ||
| a | Ключевые слова | холодная война | ||
| a | Ключевые слова | Чехословакия | ||
| a | Ключевые слова | Югославия | ||
| a | Ключевые слова | Япония | ||
| 720 | a | Наименование подборки | Кубинская революция | |
| e | Признак/вид подборки | Тематические подборки | ||
| 901 | t | Тип документа | m | |
| 952 | a | Тип литературы для КСУ ВШ | ОПИ |